| 000 | 00452nam a22001457a 4500 | ||
|---|---|---|---|
| 005 | 20250520190242.0 | ||
| 008 | 250520b |||||||| |||| 00| 0 eng d | ||
| 020 | _a9780130510136 | ||
| 050 | _aD20 ELL | ||
| 100 | _aELLIS, GAYNOR ELISABETH | ||
| 245 |
_aWORLD HISTORY _bCONNECTIONS TO TODAY THE MODERN ERA _cELISABETH GAYNOR ELLIS & ANTHONY ESLER |
||
| 260 |
_aNEW JERSEY _bPRENTICE-HALL INC _cc2001 |
||
| 300 |
_axlix;, 764p;. _bills |
||
| 942 |
_2lcc _cBK _n0 |
||
| 999 |
_c5869 _d5869 |
||